000 00927nmc a2200349 a 4500
003 AR-BaBNM
005 20251128205101.0
008 236019s1992 ||||||||||||||000 | spa||
020 _a950-602-264-X
040 _cAR-BaBNM
100 1 _aParijs, Philippe van
245 1 0 _a¿Qué es una sociedad justa?
_bintroducción a la práctica de la filosofía política
260 _aBuenos Aires
_bNueva Visión
_c1992
300 _a255 p.
490 0 _aDiagonal
504 _aBibliografía: p. 241-254
600 1 4 _aRawls, J.
600 1 4 _aDworkin, R.
600 1 4 _aElster, J.
600 1 4 _aNozick, R.
600 1 4 _aHarsanyi, J.c.
650 4 _aFILOSOFIA POLITICA
650 4 _aCIENCIAS POLITICAS
650 4 _aTEORIA POLITICA
650 4 _aFILOSOFIA
650 4 _aLIBERALISMO
650 4 _aSOCIALISMO
650 4 _aDEMOCRACIA
700 1 _aSlavutzky, Clara
_etraductor
942 _cBK
998 _cEnrique
999 _c9919
_d9919